Cartooning 1 : (Record no. 30554)
[ view plain ]
| 000 -LEADER | |
|---|---|
| fixed length control field | 01401cam a2200337 i 4500 |
| 001 - CONTROL NUMBER | |
| control field | 17681790 |
| 003 - CONTROL NUMBER IDENTIFIER | |
| control field | EG-ScBUE |
| 005 - DATE AND TIME OF LATEST TRANSACTION | |
| control field | 20230907112655.0 |
| 008 - FIXED-LENGTH DATA ELEMENTS--GENERAL INFORMATION | |
| fixed length control field | 130402s2019 caua f 000 0 eng d |
| 020 ## - INTERNATIONAL STANDARD BOOK NUMBER | |
| International Standard Book Number | 9781633227811 |
| 040 ## - CATALOGING SOURCE | |
| Original cataloging agency | DLC |
| Language of cataloging | eng |
| Description conventions | rda |
| Transcribing agency | DLC |
| Modifying agency | DLC |
| -- | EG-ScBUE |
| 082 04 - DEWEY DECIMAL CLASSIFICATION NUMBER | |
| Classification number | 741.51 |
| Edition number | 22 |
| Item number | KEE |
| 100 1# - MAIN ENTRY--PERSONAL NAME | |
| Personal name | Keely, Jack, |
| Relator term | author. |
| 245 10 - TITLE STATEMENT | |
| Title | Cartooning 1 : |
| Remainder of title | learn the basics of cartooning / |
| Statement of responsibility, etc | by Jack Keeley ; with Carson Van Osten. |
| 246 3# - VARYING FORM OF TITLE | |
| Title proper/short title | Cartooning one |
| 250 ## - EDITION STATEMENT | |
| Edition statement | First library edition. |
| 264 #1 - PUBLICATION, DISTRIBUTION, ETC. (IMPRINT) | |
| Place of publication, distribution, etc | Mission Viejo, CA : |
| Name of publisher, distributor, etc | Walter Foster Publishing, Inc., |
| Date of publication, distribution, etc | 2019. |
| 300 ## - PHYSICAL DESCRIPTION | |
| Extent | 40 pages : |
| Other physical details | illustrations ; |
| Dimensions | 29 cm. |
| 336 ## - CONTENT TYPE | |
| Content type term | text |
| Source | rdacontent |
| Content type code | txt |
| 337 ## - MEDIA TYPE | |
| Media type term | unmediated |
| Source | rdamedia |
| Media type code | n |
| 338 ## - CARRIER TYPE | |
| Carrier type term | volume |
| Source | rdacarrier |
| Carrier type code | nc |
| 490 0# - SERIES STATEMENT | |
| Series statement | Drawing |
| 505 0# - FORMATTED CONTENTS NOTE | |
| Formatted contents note | Which Way? -- The Cute Crew -- Warm and Fuzzy -- The Human Touch -- Zany Is as Zany Does -- Crazy Characters -- Critter Crazy -- Get Real! -- Body Building -- Realistic Rover -- Dress 'Em Up -- Talking Toasters and Trees -- On the Go -- Location, Location, Location -- Creating a Model Sheet. |
| 650 #7 - SUBJECT ADDED ENTRY--TOPICAL TERM | |
| Topical term or geographic name as entry element | Cartooning |
| General subdivision | Technique. |
| Source of heading or term | BUEsh |
| 653 ## - INDEX TERM--UNCONTROLLED | |
| Resource For college | Arts and Design |
| Specialization | Illustration Animation |
| 655 ## - INDEX TERM--GENRE/FORM | |
| Form subdivision | Reading book |
| 700 1# - ADDED ENTRY--PERSONAL NAME | |
| Personal name | Osten, Carson van, |
| Relator term | author. |
| 906 ## - LOCAL DATA ELEMENT F, LDF (RLIN) | |
| a | 7 |
| b | cbc |
| c | orignew |
| d | 1 |
| e | ecip |
| f | 20 |
| g | y-gencatlg |
| 942 ## - ADDED ENTRY ELEMENTS (KOHA) | |
| Source of classification or shelving scheme | Dewey Decimal Classification |
| Koha item type | Book - Borrowing |
| Withdrawn status | Lost status | Source of classification or shelving scheme | Damaged status | Not for loan | Collection code | Home library | Current library | Shelving location | Date acquired | Source of acquisition | Cost, normal purchase price | Serial Enumeration / chronology | Total Checkouts | Total Renewals | Full call number | Barcode | Date last seen | Date checked out | Cost, replacement price | Price effective from | Koha item type |
|---|---|---|---|---|---|---|---|---|---|---|---|---|---|---|---|---|---|---|---|---|---|
| Dewey Decimal Classification | Baccah | Central Library | Central Library | Second Floor | 07/09/2023 | Purchase | 451.00 | 37586 | 3 | 23 | 741.51 KEE | 000056883 | 15/07/2025 | 19/10/2024 | 563.75 | 07/09/2023 | Book - Borrowing |